000
00166nam a2200073Ia 4500
008
170817s9999 xx 000 0 und d
100
_a
Mishra.L
245
0
_a
Adult Education
260
_b
A. P. H. PUB.
999
_c
38481
_d
38481